000 00969nam a2200277Ia 4500
003 GCL
008 140319s9999 xx 000 0 ara d
020 _a8149316977
040 _aGCL /
_cGCL
082 0 4 _a614.59994
_bع م
100 1 _aعبد الحميد محمد عبد الحميد
245 1 0 _aالمسرطنات :
_bCARACINOGENS /
_cعبد الحميد محمد عبد الحميد
250 _aالاولى
260 _aالقاهرة :
_bدار النشر للجامعات المصرية ،
_c2005
300 _a242 ص ؛
_c24 سم
650 0 4 _aالافات الزراعية
650 0 4 _aالفطريات
650 0 4 _aالسموم الفطرية
650 0 4 _aالسرطان - وقاية
650 0 4 _aالسموم - مواصفات الامان
650 0 4 _aالسرطان - امراض
650 0 4 _aسرطان الثدى
650 0 4 _aسرطان البروستاتا
650 0 4 _aجنون البقر - امراض
942 _2ddc
_cBK
999 _c8301
_d8301